Multi Time Royal Rumble Winners - Statistics

General Stats
  • This quiz has been taken 17 times
  • The average score is 9 of 10
Answer Stats
Years Superstar % Correct
2023 , 2024 Cody Rhodes
100%
2009 , 2017 Randy Orton
100%
1995 , 1996 Shawn Michaels
100%
2003 , 2022 Brock Lesnar
94%
2010 , 2021 Edge
94%
2008 , 2013 John Cena
94%
1997 , 1998 , 2001 Stone Cold Steve Austin
94%
2002 , 2016 Triple H
94%
2005 , 2014 Batista
88%
1990 , 1991 Hulk Hogan
88%
No matching quizzes found
Score Distribution
Percent of People with Each Score
Percentile by Number Answered
Your Score History
You have not taken this quiz